000
00295nam a2200121Ia 4500
008
190216s9999||||xx |||||||||||||| ||und||
100
_a
"Kavithasamithi, Trivanathapuram"
245
0
_a
Kavitha 1138
260
_b
National Book Stall
_c
1963
300
_a
107p
650
_a
Kavithkal
942
_c
BK
999
_c
23848
_d
23848